Relational databases principles / (Record no. 588)
[ view plain ]
| 000 -LEADER | |
|---|---|
| fixed length control field | 00763nac a22001931u 4500 |
| 008 - FIXED-LENGTH DATA ELEMENTS--GENERAL INFORMATION | |
| fixed length control field | 100906t xxu||||| |||| 00| 0 eng d |
| 020 ## - INTERNATIONAL STANDARD BOOK NUMBER | |
| International Standard Book Number | 9812542930 |
| 082 00 - DEWEY DECIMAL CLASSIFICATION NUMBER | |
| Classification number | 005.756 |
| Item number | R598 |
| 100 ## - MAIN ENTRY--PERSONAL NAME | |
| Personal name | Ritchie, Colin |
| 9 (RLIN) | 18336 |
| 245 00 - TITLE STATEMENT | |
| Title | Relational databases principles / |
| Statement of responsibility, etc | Colin Ritchie. |
| 250 ## - EDITION STATEMENT | |
| Edition statement | 2nd ed. |
| 260 ## - PUBLICATION, DISTRIBUTION, ETC. (IMPRINT) | |
| Place of publication, distribution, etc | New Delhi : |
| Name of publisher, distributor, etc | Continuum, |
| Date of publication, distribution, etc | c2002. |
| 300 ## - PHYSICAL DESCRIPTION | |
| Extent | xi, 298 p. : |
| Other physical details | ill. ; |
| Dimensions | 25 cm. |
| 490 1# - Series Statement | |
| Series statement | State of the art report ; |
| Volume/sequential designation | 14:5 |
| -- | 18337 |
| 500 ## - GENERAL NOTE | |
| General note | Includes bibliographical references and index. |
| 650 #0 - SUBJECT ADDED ENTRY--TOPICAL TERM | |
| Topical term or geographic name as entry element | Relational databases. |
| 9 (RLIN) | 18338 |
| 942 ## - ADDED ENTRY ELEMENTS (KOHA) | |
| Item type | Book - Borrowing |
| Call number prefix | 005.756R598 |
| Source of classification or shelving scheme | Dewey Decimal Classification |
| Withdrawn status | Item status | Source of classification or shelving scheme | Damaged status | Not for loan | Vendor | Home library | Current library | Shelving location | Date acquired | Source of acquisition | Total Checkouts | Total Renewals | Full call number | Barcode | Date last seen | Date last borrowed | Koha item type |
|---|---|---|---|---|---|---|---|---|---|---|---|---|---|---|---|---|---|
| Dewey Decimal Classification | Central Library | Central Library | Lower Floor | 19/07/2006 | 2 | 9 | 005.756 RIT | 000004025 | 15/07/2025 | 09/11/2016 | Book - Borrowing |